[Event "CAN-ch U1900"]
[Site "Kingston CAN"]
[Date "2022.04.13"]
[Round "1.51"]
[White "Phillips, Brian J"]
[Black "Balasooriya, Randika"]
[Result "0-1"]
[WhiteElo "1768"]
[BlackElo "1879"]
[PlyCount "90"]
[EventDate "2022.04.13"]
[EventType "swiss"]
[EventRounds "9"]
[EventCountry "CAN"]

1. f4 Nf6 2. Nf3 g6 3. e3 Bg7 4. Be2 O-O 5. O-O d6 6. d3 Nc6 7. Qe1 e5 8. e4
exf4 9. Nc3 d5 10. e5 Ng4 11. d4 Ne3 12. Bxe3 fxe3 13. Bb5 Nb4 14. Ba4 Bf5 15.
Qxe3 Bxc2 16. Rf2 Bf5 17. Raf1 Bd3 18. Rd1 Ba6 19. a3 Nc6 20. Bb5 Bxb5 21. Nxb5
Ne7 22. Rdf1 Nf5 23. Qd2 Bh6 24. Qd3 Be3 25. Kh1 Bxf2 26. Rxf2 c6 27. g4 Ng7
28. Nd6 Qe7 29. Qe3 f6 30. Qh6 Ne6 31. Nh4 Qg7 32. Qe3 fxe5 33. Nhf5 gxf5 34.
Nxf5 Rxf5 35. Rxf5 e4 36. Re5 Qf6 37. h3 Qf1+ 38. Kh2 Qf4+ 39. Qg3 Qxg3+ 40.
Kxg3 Nxd4 41. Re7 b6 42. Kf4 Nc2 43. Kg5 e3 44. Kh6 d4 45. Rxh7 e2 0-1

[Event "CAN-ch U1900"]
[Site "Kingston CAN"]
[Date "2022.04.13"]
[Round "1.52"]
[White "Dixon, Frank"]
[Black "Hughes-Dupuy, Henry"]
[Result "0-1"]
[WhiteElo "1864"]
[BlackElo "1761"]
[PlyCount "124"]
[EventDate "2022.04.13"]
[EventType "swiss"]
[EventRounds "9"]
[EventCountry "CAN"]

1. Nf3 Nf6 2. g3 g6 3. Bg2 Bg7 4. c4 O-O 5. Nc3 c5 6. O-O Nc6 7. e3 d5 8. cxd5
Nxd5 9. Nxd5 Qxd5 10. Nd4 Qd7 11. Nxc6 bxc6 12. Qa4 Bb7 13. Qc4 Qd6 14. f4 a5
15. Rf2 e6 16. Qe4 f5 17. Qf3 a4 18. a3 Rfc8 19. h3 Ba6 20. g4 Bd3 21. gxf5
exf5 22. Qg3 Rab8 23. h4 Kh8 24. Bf3 Bf6 25. Kh2 Qe7 26. Kh3 Rc7 27. Rh2 Bxb2
28. Bxb2+ Rxb2 29. Rg1 Bc4 30. Rhg2 Rb8 31. Rc1 Bd5 32. Rcg1 Rcb7 33. h5 Rg8
34. h6 Qf8 35. Qf2 Qxh6+ 36. Kg3 g5 37. Bxd5 Qh4+ 38. Kf3 g4+ 39. Ke2 Qxf2+ 40.
Rxf2 cxd5 41. Rh2 Rg6 42. Rh5 Rf7 43. Rb1 h6 44. Kf2 Kg7 45. Rb5 Rc6 46. Kg3
Kg6 47. Rh1 Ra7 48. Rc1 Rd7 49. Ra5 d4 50. e4 fxe4 51. Kxg4 Rd5 52. Rxa4 h5+
53. Kg3 Kf5 54. Ra8 Rg6+ 55. Kf2 Kxf4 56. Rf8+ Ke5 57. Re8+ Re6 58. Rh8 Rf6+
59. Ke2 d3+ 60. Ke1 Kd4 61. Rh7 Rg6 62. Rc3 e3 0-1

[Event "CAN-ch U1900"]
[Site "Kingston CAN"]
[Date "2022.04.13"]
[Round "1.53"]
[White "Moulton, Richard"]
[Black "Kuryliw, Ray"]
[Result "0-1"]
[WhiteElo "1682"]
[BlackElo "1809"]
[PlyCount "68"]
[EventDate "2022.04.13"]
[EventType "swiss"]
[EventRounds "9"]
[EventCountry "CAN"]

1. e4 Nf6 2. e5 Nd5 3. d4 d6 4. Nf3 g6 5. Bc4 e6 6. Ng5 h6 7. Ne4 Nd7 8. exd6
cxd6 9. Bxd5 exd5 10. Ng3 Bg7 11. Be3 Nf6 12. O-O O-O 13. h3 Bd7 14. Qc1 Kh7
15. Nd2 Re8 16. Nf3 Ne4 17. c3 Qf6 18. Qd1 Nxg3 19. fxg3 Rxe3 20. Ne5 dxe5 21.
Rxf6 Bxf6 22. dxe5 Rxe5 23. Qf3 Kg7 24. Rf1 Rf5 25. Qd3 Rxf1+ 26. Kxf1 Bc6 27.
Kf2 Rd8 28. b4 a6 29. a3 Bb5 30. Qf3 d4 31. cxd4 Bxd4+ 32. Ke1 Bc6 33. Qf4 Re8+
34. Kd1 Ba4+ 0-1

[Event "CAN-ch U1900"]
[Site "Kingston CAN"]
[Date "2022.04.13"]
[Round "1.54"]
[White "Bond, Hal"]
[Black "Moses, Neil"]
[Result "1-0"]
[WhiteElo "1773"]
[BlackElo "1582"]
[PlyCount "93"]
[EventDate "2022.04.13"]
[EventType "swiss"]
[EventRounds "9"]
[EventCountry "CAN"]

1. e4 c6 2. d4 d5 3. e5 Bf5 4. Nc3 e6 5. Nf3 c5 6. Bb5+ Nc6 7. Bg5 Qc7 8. Nh4
Bg6 9. Nxg6 hxg6 10. Qd2 a6 11. Bxc6+ Qxc6 12. Ne2 Nh6 13. c3 Qb6 14. O-O Nf5
15. Rab1 Be7 16. Bxe7 Nxe7 17. dxc5 Qxc5 18. Nd4 Nc6 19. Qf4 Qe7 20. Nf3 Rh5
21. Rfe1 O-O-O 22. b4 b5 23. a4 g5 24. Qg4 Rdh8 25. axb5 axb5 26. Ra1 Kd7 27.
Ra8 Rxa8 28. Qxh5 f6 29. exf6 gxf6 30. Qg6 Kd6 31. Qd3 Qb7 32. Qe3 e5 33. Qc5+
Ke6 34. Rd1 Ne7 35. Re1 Kf7 36. h3 Rc8 37. Qe3 Nf5 38. Nxe5+ fxe5 39. Qxg5 Ng7
40. Rxe5 Rxc3 41. Rxd5 Qc7 42. g3 Rc1+ 43. Kg2 Rc2 44. Qe3 Qc6 45. Qf4+ Qf6 46.
Rd7+ Kg6 47. Qe4+ 1-0

[Event "CAN-ch U1900"]
[Site "Kingston CAN"]
[Date "2022.04.14"]
[Round "2.51"]
[White "Balasooriya, Randika"]
[Black "Kuryliw, Ray"]
[Result "1-0"]
[WhiteElo "1879"]
[BlackElo "1809"]
[PlyCount "67"]
[EventDate "2022.04.13"]
[EventType "swiss"]
[EventRounds "9"]
[EventCountry "CAN"]

1. e4 e6 2. d4 d5 3. Nd2 dxe4 4. Nxe4 Nd7 5. Nf3 Ngf6 6. Nxf6+ Nxf6 7. Bg5 Be7
8. Bd3 h6 9. Bh4 c5 10. dxc5 Qa5+ 11. c3 Qxc5 12. O-O Bd7 13. Re1 Rd8 14. Ne5
O-O 15. Bxf6 Bxf6 16. Nxd7 Rxd7 17. Bh7+ Kxh7 18. Qxd7 Qb6 19. Qd3+ Kg8 20. Qc2
Rc8 21. Qb3 Qc7 22. Rad1 Be5 23. g3 b6 24. Qb5 Bd6 25. Rd3 Qe7 26. Red1 Rc5 27.
Qa6 Rd5 28. Rxd5 exd5 29. Qc8+ Kh7 30. Qf5+ g6 31. Qxd5 Be5 32. Re1 f6 33. f4
Bd4+ 34. Qxd4 1-0

[Event "CAN-ch U1900"]
[Site "Kingston CAN"]
[Date "2022.04.14"]
[Round "2.52"]
[White "Hughes-Dupuy, Henry"]
[Black "Srinivas, Atharva"]
[Result "1/2-1/2"]
[WhiteElo "1761"]
[BlackElo "1799"]
[PlyCount "57"]
[EventDate "2022.04.13"]
[EventType "swiss"]
[EventRounds "9"]
[EventCountry "CAN"]

1. e4 e5 2. Nf3 Nc6 3. Bc4 Bc5 4. c3 Nf6 5. d3 d6 6. Nbd2 O-O 7. b4 Bb6 8. a4
a5 9. b5 Ne7 10. Nf1 Ng6 11. Ng3 Be6 12. Ba2 h6 13. d4 Bg4 14. Be3 Bxf3 15.
gxf3 Re8 16. Nf5 d5 17. Rg1 Kf8 18. Qc1 exd4 19. Bxh6 Re5 20. Bxg7+ Ke8 21. Qg5
Re6 22. cxd4 Nh7 23. Qxd8+ Rxd8 24. Be5 Nxe5 25. Ng7+ Ke7 26. Nxe6 Nxf3+ 27.
Kf1 Kxe6 28. exd5+ Kf6 29. Rg3 1/2-1/2

[Event "CAN-ch U1900"]
[Site "Kingston CAN"]
[Date "2022.04.14"]
[Round "2.53"]
[White "Supsup, Ferdinand"]
[Black "Phillips, Brian J"]
[Result "0-1"]
[WhiteElo "1777"]
[BlackElo "1768"]
[PlyCount "90"]
[EventDate "2022.04.13"]
[EventType "swiss"]
[EventRounds "9"]
[EventCountry "CAN"]

1. d4 e6 2. Nc3 Bb4 3. Nf3 f5 4. a3 Bxc3+ 5. bxc3 Nf6 6. g3 O-O 7. Bg2 d6 8.
O-O Qe8 9. Ng5 Qh5 10. h4 c6 11. a4 h6 12. Nh3 d5 13. Ba3 Re8 14. Nf4 Qf7 15.
Nd3 Nbd7 16. a5 e5 17. e3 e4 18. Nf4 Nf8 19. Qe2 Ne6 20. Nh3 Nc7 21. Rfb1 Ng4
22. Bf1 Ne6 23. c4 g5 24. cxd5 cxd5 25. hxg5 Nxg5 26. Nxg5 hxg5 27. Qb5 Qh5 28.
Bg2 Be6 29. Qxb7 Nh2 30. Bb4 Nf3+ 31. Kf1 Qh2 32. Bxf3 exf3 33. Ke1 Qg1+ 34.
Kd2 Qxf2+ 35. Kc3 Qxe3+ 36. Kb2 Rab8 37. a6 Rxb7 38. axb7 Rb8 39. Re1 Qxd4+ 40.
c3 Qd2+ 41. Kb3 Rxb7 42. Rxe6 d4 43. Rc6 f2 44. Rc8+ Kg7 45. Ka4 Qe1 0-1

[Event "CAN-ch U1900"]
[Site "Kingston CAN"]
[Date "2022.04.14"]
[Round "2.54"]
[White "Moses, Neil"]
[Black "Mourgelas, James"]
[Result "1/2-1/2"]
[WhiteElo "1582"]
[BlackElo "1329"]
[PlyCount "77"]
[EventDate "2022.04.13"]
[EventType "swiss"]
[EventRounds "9"]
[EventCountry "CAN"]

1. d4 g6 2. c4 Bg7 3. Nf3 d6 4. g3 Bg4 5. Bg2 c6 6. Nc3 Nd7 7. e4 e5 8. d5 cxd5
9. Qxd5 Nc5 10. Nb5 Bf8 11. Ng5 Qd7 12. b4 Nf6 13. Qd2 Na6 14. h3 Be6 15. Nxe6
fxe6 16. Bb2 Nc7 17. f4 Nxb5 18. fxe5 dxe5 19. Qxd7+ Nxd7 20. cxb5 Bxb4+ 21.
Ke2 O-O 22. Rhd1 Rad8 23. Rac1 Bc5 24. Bf3 Bb6 25. Rd6 Nc5 26. Rcd1 Rxd6 27.
Rxd6 Rd8 28. Rxd8+ Bxd8 29. Bxe5 a6 30. bxa6 bxa6 31. Ke3 Kf7 32. Kd4 Bb6 33.
Kc4 Ke7 34. Bd4 Nd7 35. Bxb6 Ne5+ 36. Kb4 Nxf3 37. Be3 Ne5 38. Bf4 Nd3+ 39. Ka5
1/2-1/2

[Event "CAN-ch U1900"]
[Site "Kingston CAN"]
[Date "2022.04.14"]
[Round "3.51"]
[White "Balasooriya, Randika"]
[Black "Bond, Hal"]
[Result "1-0"]
[WhiteElo "1879"]
[BlackElo "1773"]
[PlyCount "97"]
[EventDate "2022.04.13"]
[EventType "swiss"]
[EventRounds "9"]
[EventCountry "CAN"]

1. e4 e5 2. Nf3 Nc6 3. Bb5 a6 4. Ba4 Nf6 5. O-O Be7 6. Re1 b5 7. Bb3 O-O 8. a4
Bb7 9. d3 d5 10. Nc3 dxe4 11. Nxe4 Nxe4 12. dxe4 b4 13. Bd5 Bf6 14. a5 Qe7 15.
c3 Rfd8 16. Qa4 Rd6 17. Be3 Rxd5 18. exd5 Nd8 19. Rad1 bxc3 20. bxc3 e4 21. Bd4
Bxd4 22. Rxd4 f5 23. c4 Nf7 24. Rdd1 Qc5 25. Nd4 Ne5 26. Ne6 Qxc4 27. Qa1 Bxd5
28. Rxd5 Qxd5 29. Nxc7 Qc5 30. Nxa8 Nd3 31. Rf1 e3 32. fxe3 Qxe3+ 33. Kh1 Nf2+
34. Rxf2 Qxf2 35. h3 f4 36. Qc3 h6 37. Nc7 Kh7 38. Ne6 Qa7 39. Nxf4 Qb8 40. Ne6
Qb1+ 41. Kh2 Qb8+ 42. Qc7 Qg8 43. Qxg7+ Qxg7 44. Nxg7 Kxg7 45. Kg3 Kg6 46. Kf4
h5 47. g4 hxg4 48. Kxg4 Kf6 49. Kf4 1-0

[Event "CAN-ch U1900"]
[Site "Kingston CAN"]
[Date "2022.04.14"]
[Round "3.52"]
[White "Kuryliw, Ray"]
[Black "Hughes-Dupuy, Henry"]
[Result "0-1"]
[WhiteElo "1809"]
[BlackElo "1761"]
[PlyCount "66"]
[EventDate "2022.04.13"]
[EventType "swiss"]
[EventRounds "9"]
[EventCountry "CAN"]

1. d4 d5 2. Bf4 Nf6 3. e3 g6 4. Nd2 Bg7 5. Be2 O-O 6. h4 h5 7. Ngf3 c5 8. c3
Nc6 9. Ne5 Nxe5 10. Bxe5 cxd4 11. exd4 Bf5 12. Qb3 Qd7 13. Nf1 Ne4 14. Bxg7
Kxg7 15. f3 Nf6 16. Ne3 Rfc8 17. O-O-O a6 18. Nxf5+ Qxf5 19. Bd3 Qf4+ 20. Kb1
b5 21. Rde1 e6 22. Qd1 b4 23. cxb4 Qxd4 24. a3 Rc6 25. Bc2 Qb6 26. Qd3 Qf2 27.
g4 hxg4 28. fxg4 Nxg4 29. h5 Ne5 30. Qd1 Nc4 31. hxg6 Qf6 32. Rh7+ Kg8 33.
gxf7+ Kf8 0-1

[Event "CAN-ch U1900"]
[Site "Kingston CAN"]
[Date "2022.04.14"]
[Round "3.53"]
[White "Phillips, Brian J"]
[Black "Latreille, Etienne"]
[Result "0-1"]
[WhiteElo "1768"]
[BlackElo "1853"]
[PlyCount "42"]
[EventDate "2022.04.13"]
[EventType "swiss"]
[EventRounds "9"]
[EventCountry "CAN"]

1. f4 d5 2. Nf3 Nf6 3. e3 Bg4 4. Be2 c6 5. O-O Bxf3 6. Bxf3 e6 7. d3 Nbd7 8.
Kh1 Bc5 9. Qe1 Qb6 10. e4 dxe4 11. dxe4 h5 12. Qh4 O-O-O 13. Nd2 Ng4 14. Bxg4
hxg4 15. Qg3 f5 16. Nc4 Qa6 17. b3 Nf6 18. Re1 b5 19. Ne5 Nxe4 20. Rxe4 Rxh2+
21. Qxh2 Rd1+ 0-1

[Event "CAN-ch U1900"]
[Site "Kingston CAN"]
[Date "2022.04.14"]
[Round "3.54"]
[White "Srinivas, Atharva"]
[Black "Dupont-Mageau, Nicolas"]
[Result "1-0"]
[WhiteElo "1799"]
[BlackElo "1713"]
[PlyCount "49"]
[EventDate "2022.04.13"]
[EventType "swiss"]
[EventRounds "9"]
[EventCountry "CAN"]

1. e4 c5 2. Nc3 e6 3. f4 Nc6 4. Nf3 Nge7 5. e5 Ng6 6. g3 d6 7. exd6 Bxd6 8. Bg2
a6 9. O-O O-O 10. b3 Qc7 11. Ne4 b5 12. Nxd6 Qxd6 13. Bb2 Bb7 14. Qe2 Rad8 15.
d3 Nd4 16. Nxd4 Bxg2 17. Qxg2 cxd4 18. f5 Ne5 19. f6 g6 20. Qd2 Ng4 21. Rf4 Ne5
22. Raf1 Qc6 23. Re4 Nd7 24. Bxd4 e5 25. Bxe5 1-0

[Event "CAN-ch U1900"]
[Site "Kingston CAN"]
[Date "2022.04.14"]
[Round "3.55"]
[White "Moses, Neil"]
[Black "Supsup, Ferdinand"]
[Result "0-1"]
[WhiteElo "1582"]
[BlackElo "1777"]
[PlyCount "76"]
[EventDate "2022.04.13"]
[EventType "swiss"]
[EventRounds "9"]
[EventCountry "CAN"]

1. e4 d5 2. exd5 Nf6 3. d4 Bg4 4. f3 Bf5 5. c4 e6 6. dxe6 Nc6 7. Be3 Bb4+ 8.
Nc3 O-O 9. Qd2 fxe6 10. a3 Be7 11. Nge2 Na5 12. Nc1 b6 13. b4 Nb7 14. c5 a5 15.
Ra2 Nd5 16. Nxd5 Qxd5 17. Rb2 Rad8 18. Qc3 Bf6 19. Rd2 axb4 20. axb4 bxc5 21.
bxc5 Kh8 22. Nb3 Ra8 23. Bc4 Qc6 24. O-O Nxc5 25. Bxe6 Qxe6 26. Nxc5 Qd5 27.
Re1 Rfe8 28. Rde2 Bh4 29. Rd1 Re7 30. Nd3 Bf6 31. Nf2 Rae8 32. Rdd2 h6 33. Nd1
Bd7 34. Qc5 Qb3 35. Kf2 Bc8 36. Qc3 Qb5 37. Rb2 Qh5 38. Bf4 Qh4+ 0-1

[Event "CAN-ch U1900"]
[Site "Kingston CAN"]
[Date "2022.04.15"]
[Round "4.51"]
[White "Hughes-Dupuy, Henry"]
[Black "Balasooriya, Randika"]
[Result "1/2-1/2"]
[WhiteElo "1761"]
[BlackElo "1879"]
[PlyCount "56"]
[EventDate "2022.04.13"]
[EventType "swiss"]
[EventRounds "9"]
[EventCountry "CAN"]

1. e4 c5 2. Nf3 g6 3. d4 cxd4 4. Nxd4 Nc6 5. Nc3 Bg7 6. Be3 Nf6 7. Bc4 O-O 8.
f3 Qb6 9. Bb3 Nxe4 10. Nf5 Nxc3 11. Qd2 Qb5 12. Nxg7 Qe2+ 13. Qxe2 Nxe2 14. Ne6
dxe6 15. Kxe2 b6 16. Rhd1 Ba6+ 17. Kf2 Rfd8 18. Bg5 Kf8 19. Bh6+ Ke8 20. a4 Nd4
21. Ra3 Rac8 22. c3 Nxb3 23. Rxd8+ Rxd8 24. Rxb3 Rd5 25. Be3 e5 26. Ra3 f5 27.
g3 Rd7 28. b3 Bd3 1/2-1/2

[Event "CAN-ch U1900"]
[Site "Kingston CAN"]
[Date "2022.04.15"]
[Round "4.52"]
[White "Latreille, Etienne"]
[Black "Srinivas, Atharva"]
[Result "1-0"]
[WhiteElo "1853"]
[BlackElo "1799"]
[PlyCount "83"]
[EventDate "2022.04.13"]
[EventType "swiss"]
[EventRounds "9"]
[EventCountry "CAN"]

1. e4 e5 2. Nf3 Nc6 3. Bc4 Bc5 4. c3 Nf6 5. d3 d6 6. O-O h6 7. Re1 O-O 8. h3 a6
9. a4 Nh5 10. d4 Ba7 11. Be3 Qf6 12. Nbd2 Nf4 13. Bxf4 Qxf4 14. Nf1 Qf6 15. Ne3
exd4 16. Nd5 Qg6 17. cxd4 Be6 18. Rc1 Bxd5 19. Bxd5 Bb6 20. Bxc6 bxc6 21. Rxc6
Qh5 22. b4 a5 23. b5 Rae8 24. e5 dxe5 25. Nxe5 Qxd1 26. Rxd1 Rd8 27. d5 Rfe8
28. Nc4 Re2 29. Nxb6 cxb6 30. d6 Kf8 31. Rxb6 Ra2 32. Rd4 Ra1+ 33. Kh2 Re1 34.
Ra6 Re6 35. Rxa5 Rexd6 36. Rxd6 Rxd6 37. Ra7 Rd2 38. b6 Rxf2 39. b7 Rb2 40.
Ra8+ Ke7 41. b8=Q Rxb8 42. Rxb8 1-0

[Event "CAN-ch U1900"]
[Site "Kingston CAN"]
[Date "2022.04.15"]
[Round "4.53"]
[White "Supsup, Ferdinand"]
[Black "Bond, Hal"]
[Result "1-0"]
[WhiteElo "1777"]
[BlackElo "1773"]
[PlyCount "73"]
[EventDate "2022.04.13"]
[EventType "swiss"]
[EventRounds "9"]
[EventCountry "CAN"]

1. d4 Nf6 2. Nc3 d5 3. Bf4 c6 4. e3 Bf5 5. f3 e6 6. g4 Bg6 7. h4 h5 8. g5 Nfd7
9. Bd3 c5 10. Bxg6 fxg6 11. Qd3 Kf7 12. Nh3 Nc6 13. a3 c4 14. Qd2 Nb6 15. Qh2
Nc8 16. O-O-O Bd6 17. e4 Rf8 18. exd5 Bxf4+ 19. Nxf4 exd5 20. Nfxd5 Nd6 21. Ne4
Nf5 22. Nec3 Rc8 23. Rhe1 Kg8 24. Re4 b5 25. Nf4 Qa5 26. Nxg6 b4 27. axb4 Qa1+
28. Kd2 Qxb2 29. Rb1 Qa3 30. Nxf8 Ncxd4 31. Qf4 Rd8 32. Nd7 Nxf3+ 33. Qxf3
Rxd7+ 34. Ke1 Rd8 35. g6 Rf8 36. Rf4 Re8+ 37. Kf2 1-0

[Event "CAN-ch U1900"]
[Site "Kingston CAN"]
[Date "2022.04.15"]
[Round "4.54"]
[White "Kuryliw, Ray"]
[Black "Moses, Neil"]
[Result "1-0"]
[WhiteElo "1809"]
[BlackElo "1582"]
[PlyCount "67"]
[EventDate "2022.04.13"]
[EventType "swiss"]
[EventRounds "9"]
[EventCountry "CAN"]

1. d4 Nf6 2. Bf4 d5 3. e3 Bf5 4. f3 h5 5. Bd3 g6 6. Bxf5 gxf5 7. Nc3 c6 8. Nh3
e6 9. Ng5 Bd6 10. Bxd6 Qxd6 11. Qe2 Rg8 12. h4 b5 13. O-O-O Nbd7 14. Kb1 Qe7
15. e4 fxe4 16. fxe4 dxe4 17. Ncxe4 O-O-O 18. Qf3 Nxe4 19. Nxe4 Kb7 20. g3 Rh8
21. Rhf1 Rdf8 22. Rde1 f6 23. Qb3 Kc7 24. c4 bxc4 25. Qxc4 Nb6 26. Qa6 Kb8 27.
Rf3 e5 28. dxe5 fxe5 29. Rfe3 Rhg8 30. Qe2 Rg4 31. Nf2 Qh7+ 32. Ka1 Rg6 33. Nd3
Qg7 34. Nxe5 1-0

[Event "CAN-ch U1900"]
[Site "Kingston CAN"]
[Date "2022.04.15"]
[Round "4.55"]
[White "Dupont-Mageau, Nicolas"]
[Black "Mourgelas, James"]
[Result "1-0"]
[WhiteElo "1713"]
[BlackElo "1329"]
[PlyCount "93"]
[EventDate "2022.04.13"]
[EventType "swiss"]
[EventRounds "9"]
[EventCountry "CAN"]

1. e4 g6 2. Nc3 Bg7 3. Bc4 d6 4. Nf3 Bg4 5. Bxf7+ Kf8 6. Bxg8 Rxg8 7. h3 Bxf3
8. Qxf3+ Ke8 9. d3 Nc6 10. Be3 Nd4 11. Qd1 Rf8 12. O-O Rf7 13. Ne2 Nxe2+ 14.
Qxe2 Kf8 15. c3 Kg8 16. d4 a6 17. Qc4 Qd7 18. f4 Raf8 19. Rf3 e6 20. Qb3 b6 21.
Raf1 Kh8 22. a4 d5 23. e5 a5 24. c4 dxc4 25. Qxc4 Rc8 26. Rc1 Bf8 27. Qc6 Bb4
28. Qxd7 Rxd7 29. Rc6 Re7 30. Kf1 Rd8 31. Ke2 Rc8 32. Rf1 Kg8 33. Rfc1 g5 34.
fxg5 Kg7 35. Rxb6 cxb6 36. Rxc8 Rb7 37. g4 Be7 38. h4 b5 39. axb5 Rxb5 40. Rc2
Rb3 41. h5 Rb8 42. Kd3 Rb3+ 43. Ke4 Rb8 44. Bc1 Kf7 45. Rc7 Ke8 46. g6 hxg6 47.
hxg6 1-0

[Event "CAN-ch U1900"]
[Site "Kingston CAN"]
[Date "2022.04.15"]
[Round "5.51"]
[White "Balasooriya, Randika"]
[Black "Latreille, Etienne"]
[Result "1/2-1/2"]
[WhiteElo "1879"]
[BlackElo "1853"]
[PlyCount "58"]
[EventDate "2022.04.13"]
[EventType "swiss"]
[EventRounds "9"]
[EventCountry "CAN"]

1. e4 c5 2. Nf3 Nc6 3. c3 e5 4. d4 cxd4 5. cxd4 exd4 6. Nxd4 Bb4+ 7. Nc3 Nf6 8.
Qd3 Qe7 9. Ndb5 d5 10. a3 Bxc3+ 11. Qxc3 a6 12. Nd4 Qxe4+ 13. Be3 Nxd4 14. Qxd4
O-O 15. Bd3 Qxd4 16. Bxd4 Re8+ 17. Kd1 Bd7 18. f3 Bc6 19. Bxf6 gxf6 20. Re1
Rxe1+ 21. Kxe1 Re8+ 22. Kd2 h6 23. b4 Kf8 24. f4 Ke7 25. Re1+ Kd6 26. Rxe8 Bxe8
27. Kc3 Ba4 28. Kd4 Kc6 29. Be2 Kd6 1/2-1/2

[Event "CAN-ch U1900"]
[Site "Kingston CAN"]
[Date "2022.04.15"]
[Round "5.52"]
[White "Hughes-Dupuy, Henry"]
[Black "Supsup, Ferdinand"]
[Result "0-1"]
[WhiteElo "1761"]
[BlackElo "1777"]
[PlyCount "72"]
[EventDate "2022.04.13"]
[EventType "swiss"]
[EventRounds "9"]
[EventCountry "CAN"]

1. e4 c5 2. Nf3 g6 3. d4 cxd4 4. Nxd4 Bg7 5. Nc3 Nc6 6. Be3 Nf6 7. Bc4 O-O 8.
Bb3 Qa5 9. f3 d5 10. exd5 Nb4 11. O-O Nbxd5 12. Nxd5 Nxd5 13. Bf2 Rd8 14. Qe1
Qc7 15. Nb5 Qc6 16. Nxa7 Rxa7 17. Bxa7 b6 18. Bxd5 Rxd5 19. Qxe7 Bf8 20. Qe4
Bf5 21. Qe2 Qc7 22. Qa6 Bc5+ 23. Kh1 Rd7 24. Rfe1 Qxa7 25. Qc8+ Kg7 26. Qe8 Be6
27. Rxe6 fxe6 28. Qxe6 Re7 29. Qc4 Qd7 30. Qd3 Qe6 31. Qc3+ Kh6 32. b4 Bd6 33.
Qd2+ Kg7 34. a4 Qe5 35. g3 Qxa1+ 36. Kg2 Qe5 0-1

[Event "CAN-ch U1900"]
[Site "Kingston CAN"]
[Date "2022.04.15"]
[Round "5.53"]
[White "Srinivas, Atharva"]
[Black "Kuryliw, Ray"]
[Result "0-1"]
[WhiteElo "1799"]
[BlackElo "1809"]
[PlyCount "106"]
[EventDate "2022.04.13"]
[EventType "swiss"]
[EventRounds "9"]
[EventCountry "CAN"]

1. e4 Nf6 2. Nc3 d5 3. exd5 Nxd5 4. Bc4 Nxc3 5. Qf3 e6 6. dxc3 Be7 7. Bd2 O-O
8. O-O-O Qe8 9. Bf4 c5 10. h4 Bd7 11. Nh3 Bc6 12. Qg4 Nd7 13. Bh6 Bf6 14. f4
Kh8 15. Bg5 Rg8 16. Bd3 Nf8 17. h5 Qe7 18. Rde1 h6 19. Re3 Rd8 20. Rhe1 Nh7 21.
Bxh7 Kxh7 22. Bxf6 Qxf6 23. Qe2 g6 24. g3 Rd5 25. hxg6+ Rxg6 26. c4 Rd8 27. Qh5
Qf5 28. Qh4 Rdg8 29. Re5 Qf6 30. Qh5 Rxg3 31. Ng5+ R3xg5 32. Rxg5 Rxg5 33. fxg5
Qxg5+ 34. Qxg5 hxg5 35. Re5 Kg6 36. Rxc5 g4 37. Kd2 g3 38. Ke2 f5 39. b4 f4 40.
b5 f3+ 41. Kf1 Be4 42. Re5 Bf5 43. Rxf5 Kxf5 44. c5 Ke5 45. c4 Kf6 46. a4 Ke7
47. a5 Kd7 48. Kg1 e5 49. Kf1 e4 50. Kg1 e3 51. b6 a6 52. Kf1 Kc6 53. Ke1 g2
0-1

[Event "CAN-ch U1900"]
[Site "Kingston CAN"]
[Date "2022.04.15"]
[Round "5.54"]
[White "Bond, Hal"]
[Black "Dupont-Mageau, Nicolas"]
[Result "1/2-1/2"]
[WhiteElo "1773"]
[BlackElo "1713"]
[PlyCount "57"]
[EventDate "2022.04.13"]
[EventType "swiss"]
[EventRounds "9"]
[EventCountry "CAN"]

1. e4 c5 2. d4 cxd4 3. c3 dxc3 4. Nxc3 Nc6 5. Nf3 d6 6. Bc4 e6 7. Qe2 Nf6 8.
O-O Be7 9. Rd1 e5 10. h3 O-O 11. Bg5 a6 12. Rac1 Be6 13. Bxf6 Bxf6 14. Nd5 Bxd5
15. Bxd5 Qd7 16. a3 Rfc8 17. Qd3 Ne7 18. Qb3 Nxd5 19. Rxc8+ Rxc8 20. Qxd5 Rd8
21. Rd3 Qc6 22. Nd2 Qxd5 23. Rxd5 Kf8 24. Nc4 Ke7 25. Nb6 Ke6 26. b4 Be7 27. b5
axb5 28. Rxb5 f5 29. f3 1/2-1/2

[Event "CAN-ch U1900"]
[Site "Kingston CAN"]
[Date "2022.04.15"]
[Round "5.55"]
[White "Mourgelas, James"]
[Black "Phillips, Brian J"]
[Result "0-1"]
[WhiteElo "1329"]
[BlackElo "1768"]
[PlyCount "90"]
[EventDate "2022.04.13"]
[EventType "swiss"]
[EventRounds "9"]
[EventCountry "CAN"]

1. e4 e6 2. d3 d5 3. Nd2 g6 4. Ngf3 Bg7 5. g3 Ne7 6. Bg2 O-O 7. O-O c5 8. c3
Nbc6 9. Re1 b5 10. a3 a5 11. Rb1 b4 12. c4 Qb6 13. b3 Rd8 14. a4 Bb7 15. exd5
exd5 16. h4 Nf5 17. cxd5 Rxd5 18. Nc4 Qc7 19. Ng5 Rd7 20. Bf4 Qd8 21. Be4 Ncd4
22. Bxb7 Rxb7 23. Ne4 Bf8 24. Bg5 Be7 25. Bxe7 Rxe7 26. Nf6+ Kg7 27. Rxe7 Qxe7
28. Ne4 Nh6 29. Ne3 Nhf5 30. Ng4 Rc8 31. Ngf6 Nd6 32. Rc1 Nxe4 33. Nxe4 f5 34.
Rxc5 Rxc5 35. Nxc5 Qxc5 36. Kh2 Qd5 37. Kh3 Qxb3 38. Qe1 Qe6 39. Qa1 f4+ 40.
Kg2 Qd5+ 41. Kg1 fxg3 42. fxg3 Kg8 43. Qd1 Nf3+ 44. Kf2 Ne5 45. Ke3 Qf3+ 0-1

[Event "CAN-ch U1900"]
[Site "Kingston CAN"]
[Date "2022.04.15"]
[Round "5.56"]
[White "Moses, Neil"]
[Black "Hsu, Ted"]
[Result "0-1"]
[WhiteElo "1582"]
[BlackElo "1761"]
[PlyCount "66"]
[EventDate "2022.04.13"]
[EventType "swiss"]
[EventRounds "9"]
[EventCountry "CAN"]

1. e4 e6 2. d4 d5 3. exd5 exd5 4. Bd3 Bd6 5. Nf3 Nf6 6. Bg5 O-O 7. O-O Bg4 8.
h3 Bh5 9. Nbd2 Nbd7 10. Bf5 c6 11. c3 Qc7 12. Qc2 Rfe8 13. Rfe1 h6 14. Be3 Bxf3
15. Nxf3 Ne4 16. Nd2 Ndf6 17. c4 Nxd2 18. Bxd2 dxc4 19. Qxc4 Rad8 20. b3 Bh2+
21. Kh1 Bf4 22. Bc3 Nd5 23. Bb2 Qd6 24. Be4 Bd2 25. Re2 Nf4 26. Rxd2 Rxe4 27.
Qc3 Nd5 28. Qd3 Rde8 29. g3 Qe6 30. Kh2 Re2 31. Rad1 Qe4 32. Qxe4 R8xe4 33. Kg2
Ne3+ 0-1

[Event "CAN-ch U1900"]
[Site "Kingston CAN"]
[Date "2022.04.16"]
[Round "6.51"]
[White "Dupont-Mageau, Nicolas"]
[Black "Balasooriya, Randika"]
[Result "1-0"]
[WhiteElo "1713"]
[BlackElo "1879"]
[PlyCount "125"]
[EventDate "2022.04.13"]
[EventType "swiss"]
[EventRounds "9"]
[EventCountry "CAN"]

1. e4 c5 2. Nc3 g6 3. f4 d5 4. Nxd5 Bg7 5. Nf3 Nd7 6. Be2 Ngf6 7. Nxf6+ Nxf6 8.
d3 O-O 9. O-O c4 10. e5 cxd3 11. Qxd3 Nd5 12. c4 Qb6+ 13. Qd4 Qxd4+ 14. Nxd4
Nb4 15. Bd2 Na6 16. Bf3 Rd8 17. Be3 g5 18. g3 gxf4 19. gxf4 Bh6 20. Rad1 Rb8
21. Kf2 Nc7 22. Be4 Kh8 23. Nf5 Bxf5 24. Bxf5 b6 25. Rd7 Rxd7 26. Bxd7 Rd8 27.
Bg4 Na6 28. Rd1 Rxd1 29. Bxd1 e6 30. a3 Bf8 31. Kf3 Kg7 32. Bc2 h6 33. b4 Be7
34. Kg4 f5+ 35. Kh5 Bf8 36. Ba4 Kf7 37. Bb5 Nc7 38. Bc6 Kg7 39. Bd7 Kf7 40. Bc8
Kg7 41. Bf2 Kf7 42. Bd7 Ke7 43. Bc6 Kf7 44. Bh4 Na6 45. Bd8 Bxb4 46. axb4 Nxb4
47. Bb5 Nd3 48. Kxh6 Nxf4 49. Bc7 Ng2 50. Kg5 Kg7 51. Bb8 a5 52. Bc7 Ne1 53.
Kf4 Nd3+ 54. Ke3 Nb2 55. Bxb6 a4 56. Bc5 Kg6 57. Ba3 Nd1+ 58. Kd2 Nf2 59. Bxa4
Ng4 60. Bd6 Nxh2 61. c5 f4 62. c6 Nf3+ 63. Kd1 1-0

[Event "CAN-ch U1900"]
[Site "Kingston CAN"]
[Date "2022.04.16"]
[Round "6.52"]
[White "Latreille, Etienne"]
[Black "Hughes-Dupuy, Henry"]
[Result "1-0"]
[WhiteElo "1853"]
[BlackElo "1761"]
[PlyCount "45"]
[EventDate "2022.04.13"]
[EventType "swiss"]
[EventRounds "9"]
[EventCountry "CAN"]

1. e4 e5 2. Nf3 Nc6 3. Bc4 Nf6 4. d3 Bc5 5. c3 h6 6. O-O d6 7. Re1 a6 8. a4 O-O
9. h3 Re8 10. Nbd2 Ne7 11. b4 Ba7 12. Qb3 d5 13. exd5 b5 14. axb5 axb5 15. Bxb5
Bxf2+ 16. Kxf2 Rxa1 17. Bxe8 Nxe8 18. c4 Nf5 19. Qc3 Ra2 20. Qxe5 Ned6 21. c5
f6 22. Qe2 c6 23. g4 1-0